| 000 | 01207nam0a2200337 4500 | ||
|---|---|---|---|
| 001 | RU\NLR\BIBL_A\022367635 | ||
| 005 | 20250109164744.0 | ||
| 010 | _a978-5-6047345-7-5 | ||
| 021 |
_aRU _bКН-П-24-055313 _9КН-П-24-5508 |
||
| 035 | _a(NLR Aleph) 022367635 | ||
| 090 |
_a13327961 _c13327961 |
||
| 100 | _a20241030d2024 e y0rusy50 ca | ||
| 101 | 0 | _arus | |
| 102 | _aRU | ||
| 105 | _aa z 000ay | ||
| 181 | 0 |
_ai _baxxe |
|
| 182 | 0 | _an | |
| 200 | 1 |
_aВолшебство под ногами _fДенис Либстер _gхудожник А. Тихомиров |
|
| 203 |
_aТекст _bвизуальный _cнепосредственный |
||
| 210 |
_aСаратов _cОрион _d2024 |
||
| 215 |
_a48, [1] с. _cил. _d21 |
||
| 225 | 1 | _aБытовое волшебство | |
| 333 | _a12+ | ||
| 686 | 2 | _aШ6(2=Р)8-440.6 | |
| 700 | 1 |
_aЛибстер _bД. _gДенис |
|
| 702 | 1 |
_4040 _7ca _8rus _aТихомиров _bА. Ю. _cхудожник _f1964- _gАндрей Юльевич _9209678 _3RU\NLR\AUTH\770209732 |
|
| 942 | _cBOOK | ||
| 980 | _aNB | ||